NATIONAL coastal erosion study : final report

Bibliographic Details
Corporate Authors: MALAYSIA, Stanley Consultants Inc
Format: Book
Published: Kuala Lumpur : Unit Perancang Ekonomi, Jabatan Perdana Menteri , 1985
Subjects:

MARC

LEADER 00000cam a2200000 7i4500
001 0000001850
005 20020218.0
090 0 0 |a 551.45709595   |b NAT 1985 
245 0 0 |a NATIONAL coastal erosion study :   |b final report   |c prepared by Stanley Consultants, Inc   |f in association with Moffatt and Nichol, Engineers, Jurutera Konsultant (S.E.A.) 
260 0 0 |a Kuala Lumpur :   |b Unit Perancang Ekonomi, Jabatan Perdana Menteri ,   |c 1985 
300 |a vol., various pagings :   |b ill., charts, maps ;   |c 30 cm. 
650 0 0 |a Beach erosion   |z Malaysia 
650 0 0 |a Coast changes   |z Malaysia 
710 1 1 |a MALAYSIA ,   |c Jabatan Perdana Menteri, Unit Perancang Ekonomi 
710 1 1 |a Stanley Consultants Inc. 
998 |a JPSM 
999 |a 0000002881   |b Monograph   |c Open Shelf   |e Default branch 
999 |a 0000003017   |b Monograph   |c Open Shelf   |e Default branch 
999 |a 0000003018   |b Monograph   |c Open Shelf   |e Default branch 
999 |a 0000003019   |b Monograph   |c Open Shelf   |e Default branch 
999 |a 0000003138   |b Monograph   |c Open Shelf   |e Default branch